| 000 | 01115pam a2200265 i 4500 | ||
|---|---|---|---|
| 001 | 1827573 | ||
| 005 | 20100322143733.0 | ||
| 008 | 801222s2006 nyu g b 000 0 eng | ||
| 010 | _a 80028759 | ||
| 020 | _a0091906814 | ||
| 020 | _a9780091906818 | ||
| 040 |
_aDLC _cDLC _dDLC |
||
| 050 | 0 | 0 |
_aBF637.S8 _bC37 1981 |
| 082 | 0 | 0 |
_a158.1 _222 _bCAR |
| 100 | 1 |
_aCarnegie, Dale, _d1888-1955. _924786 |
|
| 245 | 1 | 0 |
_aHow to Win Friends and Influence People / _cDale Carnegie |
| 260 |
_aLondon : _bVermilion, _c2006. |
||
| 300 |
_a268 p. ; _c22 cm. |
||
| 504 | _aIncludes bibliographical references and index. | ||
| 650 | 0 |
_aSuccess. _924787 |
|
| 653 |
_bGeneral _bENG _cJune2011 _dBestSellers |
||
| 942 |
_2ddc _cBB |
||
| 999 |
_c15561 _d15561 |
||